| 000 | 00863nam a2200313 a 4500 | ||
|---|---|---|---|
| 003 | AR-BaBNM | ||
| 005 | 20251128205409.0 | ||
| 008 | 082120s2002 ||||||||||||||000 | spa|| | ||
| 020 | _a950-786-090-8 | ||
| 040 | _cAR-BaBNM | ||
| 100 | 1 | _aSparvieri, Elena | |
| 245 | 0 | 0 |
_aPrincipios y técnicas de mediación _bun método de resolución de conflictos |
| 250 | _a1ª ed. | ||
| 260 |
_aBuenos Aires _bBiblos _c1995 |
||
| 300 |
_a116 p. _btablas, gráfs. |
||
| 500 | _aApéndices p. 105-114 | ||
| 504 | _aBibliografía para consultar p. 115-116 | ||
| 650 | 4 | _aDERECHO PROCESAL | |
| 650 | 4 | _aPROCEDIMIENTO JUDICIAL | |
| 650 | 4 | _aSISTEMAS JURIDICOS | |
| 650 | 4 | _aJUICIOS | |
| 650 | 4 | _aMEDIACION | |
| 650 | 4 | _aARBITRAJE | |
| 650 | 4 | _aCONCILIACION | |
| 650 | 4 | _aNEGOCIACION | |
| 650 | 4 | _aSOLUCION DE CONFLICTOS | |
| 942 | _cBK | ||
| 998 | _cmariana | ||
| 999 |
_c11266 _d11266 |
||